| 000 | 00641cam a2200241ua 4500 | ||
|---|---|---|---|
| 001 | 9533 | ||
| 005 | 20260515114457.0 | ||
| 008 | 160125n ii |||gr||||Z||||||eng | ||
| 020 | _a9788175961722 | ||
| 040 | _cMAIN | ||
| 041 | _aeng | ||
| 082 | _a808.84 | ||
| 100 |
_aSharma, Charu, _eEditor. |
||
| 245 |
_aOnce upon a time _ced. by Charu Sharma |
||
| 250 | _a1st ed. / rep. | ||
| 260 |
_aNew Delhi: _bFoundation books, _c2008. |
||
| 300 | _a286p. | ||
| 653 | _aRhetoric & collections of literature | ||
| 653 | _aEnglish essays collection | ||
| 653 | _aEnglish text book | ||
| 700 |
_aVahali, Diamond Oberoi, _eEditor. |
||
| 942 | _cBK | ||
| 999 |
_c8557 _d8557 |
||